Beschreibende Statistik
| Titel: | Beschreibende Statistik : Praxisorientierte Einführung mit Aufgaben und Lösungen / von Günther Bourier |
|---|---|
| Verfasser: | |
| Ausgabe: | 15th ed. 2025 |
| Veröffentlicht: | Wiesbaden : Springer Fachmedien Wiesbaden, 2025 |
| Umfang: | 1 Online-Ressource (XI, 279 Seiten) : 114 Abb. |
| Format: | E-Book |
| Sprache: | Deutsch |
| RVK-Notation: | |
| Andere Ausgaben: |
Erscheint auch als Druck-Ausgabe: Bourier, Günther. Beschreibende Statistik. - Wiesbaden : Springer Fachmedien Wiesbaden, 2025
|
| ISBN: | 9783658479749 ; 3658479744 ; 9783658479732 |
| Hinweise zum Inhalt: |
Inhaltsverzeichnis
Ausführliche Beschreibung |
alg: 53118622 001A $06055:02-07-25 001B $01999:16-03-26 $t19:42:11.000 001D $06055:02-07-25 001U $0utf8 001X $00 002@ $0Oax 002C $aText $btxt $2rdacontent 002D $aComputermedien $bc $2rdamedia 002E $aOnline-Ressource $bcr $2rdacarrier 003@ $0531186229 004A $A978-3-658-47974-9 004A $03-658-47974-4 004E/04 $0SpringerNature-11775 $fSubject Collection Business and Economics (German Language) 004O $A978-3-658-47973-2 $Sp 004P $010.1007/978-3-658-47974-9 $SV769 007A $0531186229 $aHEB 007I $0Springer978-3-658-47974-9 009P $qtext/html $3Inhaltsverzeichnis $uhttp://scans.hebis.de/HEBCGI/show.pl?53118622_toc.html $mX:DE-He213 009P $qtext/html $3Ausführliche Beschreibung $uhttp://scans.hebis.de/HEBCGI/show.pl?53118622_aub.html $mX:DE-He213 009Q $SV769 $uhttps://doi.org/10.1007/978-3-658-47974-9 $xR 010@ $ager 010E $erda 011@ $a2025 017B $aZDB-2-SWI 021A $aBeschreibende Statistik $dPraxisorientierte Einführung mit Aufgaben und Lösungen $hvon Günther Bourier 028A $aBourier $BVerfasser $dGünther $4aut 032@ $a15th ed. 2025 033A $pWiesbaden $nSpringer Fachmedien Wiesbaden 033E $pCham $nSpringer International Publishing AG 034D $a1 Online-Ressource (XI, 279 Seiten) 034M $a114 Abb. 039D $aErscheint auch als $tBeschreibende Statistik $dWiesbaden $eSpringer Fachmedien Wiesbaden $f2025 $z978-3-658-47973-2 $lBourier, Günther $nDruck-Ausgabe 044A $aEconometrics $S#0 $N650 044A $aStatistics $S#0 $N650 044A $aQuantitative Economics $S14 $N650 044A $aStatistics in Business, Management, Economics, Finance, Insurance $S24 $N650 044K $RStatistik $#Statistics $#Statistique $#Deskriptive Statistik $#deskriptive Statistik $#Beschreibende Statistik $74070313-7 $8Deskriptive Statistik [Ts1] $9085197769 044K $RPraxis $#Theory (Philosophy) $#Théorie (philosophie) $#Theorie $#Theorie $74059787-8 $8Theorie [Tsz] $9085166316 045B $a330.9 $eDDC23eng 045E $a15 $a27 $c510 $c330 045Z $8QH 231 [Tkv] $941112739X 047A $aSacherschließung maschinell aus paralleler Ausg. übernommen lok: 53118622 3 101B $004-07-25 $t12:50:39.000 101C $004-07-25 101U $0utf8 145S/01 $a008 exp: 53118622 3 1 #EPN 201B/01 $004-07-25 $t12:50:38.000 201C/01 $002-07-25 201U/01 $0utf8 203@/01 $01310592330 204P/01 $010.1007/978-3-658-47974-9 $SV769 208@/01 $a02-07-25 $bl 209B/01 $a502 $x05 lok: 53118622 5 exp: 53118622 5 1 #EPN 201B/01 $002-07-25 $t23:43:51.000 201C/01 $002-07-25 201U/01 $0utf8 203@/01 $01310592349 204P/01 $010.1007/978-3-658-47974-9 $SV769 208@/01 $a02-07-25 $bl lok: 53118622 8 exp: 53118622 8 1 #EPN 201B/01 $002-07-25 $t22:15:09.422 201C/01 $002-07-25 201U/01 $0utf8 203@/01 $01310592357 204P/01 $010.1007/978-3-658-47974-9 $SV769 208@/01 $a02-07-25 $bl lok: 53118622 10 exp: 53118622 10 1 #EPN 201B/01 $002-07-25 $t22:15:09.426 201C/01 $002-07-25 201U/01 $0utf8 203@/01 $01310592365 204P/01 $010.1007/978-3-658-47974-9 $SV769 208@/01 $a02-07-25 $bl lok: 53118622 11 exp: 53118622 11 1 #EPN 201B/01 $002-07-25 $t22:15:09.429 201C/01 $002-07-25 201U/01 $0utf8 203@/01 $01310592373 204P/01 $010.1007/978-3-658-47974-9 $SV769 208@/01 $a02-07-25 $bl lok: 53118622 20 exp: 53118622 20 1 #EPN 201B/01 $002-07-25 $t22:15:09.432 201C/01 $002-07-25 201U/01 $0utf8 203@/01 $01310592381 204P/01 $010.1007/978-3-658-47974-9 $SV769 208@/01 $a02-07-25 $bl lok: 53118622 21 exp: 53118622 21 1 #EPN 201B/01 $002-07-25 $t22:15:09.435 201C/01 $002-07-25 201U/01 $0utf8 203@/01 $0131059239X 204P/01 $010.1007/978-3-658-47974-9 $SV769 208@/01 $a02-07-25 $bl lok: 53118622 23 exp: 53118622 23 1 #EPN 201B/01 $002-07-25 $t22:15:09.438 201C/01 $002-07-25 201U/01 $0utf8 203@/01 $01310592403 204P/01 $010.1007/978-3-658-47974-9 $SV769 208@/01 $a02-07-25 $bl lok: 53118622 25 exp: 53118622 25 1 #EPN 201B/01 $002-07-25 $t22:15:09.441 201C/01 $002-07-25 201U/01 $0utf8 203@/01 $01310592411 204P/01 $010.1007/978-3-658-47974-9 $SV769 208@/01 $a02-07-25 $bl lok: 53118622 204 exp: 53118622 204 1 #EPN 201B/01 $002-07-25 $t22:15:09.446 201C/01 $002-07-25 201U/01 $0utf8 203@/01 $0131059242X 204P/01 $010.1007/978-3-658-47974-9 $SV769 208@/01 $a02-07-25 $bl lok: 53118622 205 exp: 53118622 205 1 #EPN 201B/01 $009-07-25 $t12:47:51.000 201C/01 $002-07-25 201U/01 $0utf8 203@/01 $01310592438 204P/01 $010.1007/978-3-658-47974-9 $SV769 208@/01 $a09-07-25 $bla 209B/01 $aebo $x05 209B/01 $aspw $x06 209C/01 $anel2507qa
| LEADER | 00000cam a22000002c 4500 | ||
|---|---|---|---|
| 001 | 531186229 | ||
| 003 | DE-603 | ||
| 005 | 20260316194211.0 | ||
| 007 | cr|||||||||||| | ||
| 008 | 250702s2025 xx |||| o| u00||u|ger c | ||
| 020 | |a 9783658479749 | ||
| 020 | |a 3658479744 | ||
| 024 | 7 | |a 10.1007/978-3-658-47974-9 |2 doi | |
| 028 | 5 | 2 | |a SpringerNature-11775 |
| 035 | |a (DE-599)HEB531186229 | ||
| 040 | |a DE-603 |b ger |c DE-603 |d DE-603 |e rda | ||
| 041 | |a ger | ||
| 082 | 7 | |a 330.9 |2 23/eng | |
| 084 | |a 15 |a 27 |a 510 |a 330 |q DE-101 |2 sdnb | ||
| 084 | |a QH 231 |0 (DE-625)141546: |0 (DE-603)41112739X |2 rvk | ||
| 100 | 1 | |a Bourier, Günther |e Verfasser |4 aut | |
| 245 | 0 | 0 | |a Beschreibende Statistik |b Praxisorientierte Einführung mit Aufgaben und Lösungen |c von Günther Bourier |
| 250 | |a 15th ed. 2025 | ||
| 264 | 1 | |a Wiesbaden |b Springer Fachmedien Wiesbaden |c 2025 | |
| 264 | 2 | |a Cham |b Springer International Publishing AG | |
| 300 | |a 1 Online-Ressource (XI, 279 Seiten) |b 114 Abb. | ||
| 336 | |a Text |b txt |2 rdacontent | ||
| 337 | |a Computermedien |b c |2 rdamedia | ||
| 338 | |a Online-Ressource |b cr |2 rdacarrier | ||
| 650 | 7 | |a Deskriptive Statistik |0 (DE-588)4070313-7 |0 (DE-603)085197769 |2 gnd | |
| 650 | 7 | |a Theorie |0 (DE-588)4059787-8 |0 (DE-603)085166316 |2 gnd | |
| 776 | 0 | 8 | |i Erscheint auch als |n Druck-Ausgabe |a Bourier, Günther |t Beschreibende Statistik |d Wiesbaden : Springer Fachmedien Wiesbaden, 2025 |z 9783658479732 |
| 776 | 1 | |z 9783658479732 | |
| 856 | |u https://doi.org/10.1007/978-3-658-47974-9 |x Resolving-System | ||
| 856 | 4 | 2 | |m X:DE-He213 |q text/html |u http://scans.hebis.de/HEBCGI/show.pl?53118622_toc.html |3 Inhaltsverzeichnis |
| 856 | 4 | 2 | |m X:DE-He213 |q text/html |u http://scans.hebis.de/HEBCGI/show.pl?53118622_aub.html |3 Ausführliche Beschreibung |
| 912 | |a ZDB-2-SWI | ||
| 924 | 1 | |9 603 |a (DE-603)1310592330 |b DE-603 |c HES |d d | |
| 924 | 1 | |9 603 |a (DE-603)1310592349 |b DE-603 |c HES |d d | |
| 924 | 1 | |9 603 |a (DE-603)1310592357 |b DE-603 |c HES |d d | |
| 924 | 1 | |9 603 |a (DE-603)1310592365 |b DE-603 |c HES |d d | |
| 924 | 1 | |9 603 |a (DE-603)1310592373 |b DE-603 |c HES |d d | |
| 924 | 1 | |9 603 |a (DE-603)1310592381 |b DE-603 |c HES |d d | |
| 924 | 1 | |9 603 |a (DE-603)131059239X |b DE-603 |c HES |d d | |
| 924 | 1 | |9 603 |a (DE-603)1310592403 |b DE-603 |c HES |d d | |
| 924 | 1 | |9 603 |a (DE-603)1310592411 |b DE-603 |c HES |d d | |
| 924 | 1 | |9 603 |a (DE-603)131059242X |b DE-603 |c HES |d d | |
| 924 | 1 | |9 603 |a (DE-603)1310592438 |b DE-603 |c HES |d d | |